000 00737nam a2200217 a 4500
001 1698
005 20140414131916.0
008 001113s19uu xx 00 eng d
020 _a0-7214-4308-7
050 _aER
_bL66 1994
245 _aThe Lion king.
260 _aLeicesterashire, U.K. :
_bWalt Disney,
_c1994.
300 _a1 v. (unp.) : ill. ; cm.
440 _aDisney.
500 _aBased on the Walt Disney's enchanting animated film The Lion King.
520 _aSimba, a young lion cub, loves life on the African plains. But when his father is killed, Simba's uncle, Scar, takes over the Pride and drives Simba far from home...
650 _aLions
_xFiction.
999 _c111489
_d111489